One Piece - Citation - Statistiques

Statistiques générales
  • Ce quiz a été pris 205 fois
  • Le résultat moyen est 12 sur 23
Statistiques - réponses
Citation Personnage % Correct
Mon trésor ? Je vous le laisse si vous voulez. Trouvez-le ! Gol D. Roger
93%
Une femme en pleurs… je ne peux pas l’ignorer. Vinsmoke Sanji
93%
Luffy… aide-moi ! Nami
88%
Aurais-tu l'extrême amabilité de me montrer ta culotte ? Brook
84%
Luffy et l'homme qui un jour deviendra le roi des pirates ! Roronoa Zoro
79%
Allons ruiner ce mariage ! Monkey D. Luffy
78%
Les hommes ne craignent pas Dieu… ils craignent la peur elle-même. Ener
66%
Tout ce pays m’appartient ! Les Kozuki ne sont plus qu’un souvenir ! Orochi Kurozumi
64%
La justice absolue… est la seule vraie justice ! Sakazuki Akainu
61%
Tu crois vraiment que tes idéaux peuvent sauver ce royaume ? C'est Ridicule. Crocodile
55%
L'arme antique ... Poséidon. Nico Robin
53%
Merci… de m’avoir aimé. Portgas D. Ace
53%
Sanji… avant que tu partes… accorde moi une dernière faveur ... Charlotte Pudding
50%
Les 7 grands corsaires n'ont plus aucunes raisons d'exister... Issho Fujitora
47%
Je sonnerai la cloche, et je t'attendrai !! Kalgara
34%
Ce monde est ennuyant à mourir, il peut bien disparaître. Kaido
31%
Je ne pardonne pas à ceux qui se moquent de ma famille. Don Quijote Doflamingo
28%
Après toutes ces années, mes forces s'amenuises. Monkey D. Garp
28%
Sui...vez...moi...et...je...vous...gui...de...rais !!! Usopp
23%
Les faibles n'ont pas le droit de choisir la manière dont ils meurent. Trafalgar D. Water Law
21%
Retrouvons-nous dans le nouveau monde ! Eustass "captain" Kid
18%
Ils font beaucoup de bruit, ces petits joueurs.. Charlotte Katakuri
12%
La justice… n’a pas besoin de cœur. Rob Lucci
12%
Aucun quiz correspondant
Distribution des résultats
% des personnes avec chaque résultat
Percentile par nombre de réponses
Votre historique - résultats
Vous n’avez pas pris ce quiz